| 000 | 00575 a2200169 4500 | ||
|---|---|---|---|
| 003 | OSt | ||
| 005 | 20230926131559.0 | ||
| 008 | 230926b |||||||| |||| 00| 0 eng d | ||
| 020 | _a9789595654296 | ||
| 040 | _coclc | ||
| 082 |
_a519 _bSHI/P |
||
| 100 |
_aShinde Priyanka P _99607 |
||
| 245 |
_aPROGRAMMING IN R WITH APPLICATIONS IN MACHINE LEARNING AND DATA ANALYTICS / _cPriyanka P Shinde, Varsha P Desai, Kavita S Oza, Rajanish K Kamat |
||
| 260 |
_aNew Delhi: _bViva books, _c2023. |
||
| 300 | _a157 p | ||
| 942 |
_2ddc _cBK _h519 _iSHI/P _k519 _mSHI/P |
||
| 999 |
_c42433 _d42433 |
||